000 01204cab a2200337 4500
001 ABS46192
008 090401t1992 xxu||||| |||| 00| 0 eng d
035 _a(Sirsi) u57112
041 _aeng
100 _aChevin, D.
245 _aChill winds
260 _c1992
350 _a0
490 _aBuilding
_v257(7740) 10 April 1992, 48-60(8)
520 _aAs CFCs are to be phased out by 1995, this special feature article looks at alternative air-conditioning systems, such as natural ventilation. Also reports on possible changes to the energy Building Regulations and the measurement of total energy efficiency of houses.
650 _aBUILT ENVIRONMENT-BUILDING ELEMENTS-COMPLETE BUILDING SERVICES ELEMENTS-COMPLETE HEATING, VENTILATION AND AIR CONDITIONING SYSTEMS
650 _aALTERNATIVES
650 _aBUILDING REGULATIONS
_96224
650 _aCFCS
650 _aCLIMATE CONTROL
650 _aCOOLING SYSTEMS
650 _aENERGY CONSERVATION
650 _aENERGY RATING
650 _aOFFICES
650 _aPASSIVE VENTILATION
650 _aREFRIGERANTS
690 _aBUILT ENVIRONMENT-BUILDING MATERIALS
700 _aMacneil, J.
942 _n0
948 _c04/03/1997
999 _c34807
_d34807